Statistics for Guess the scrambled Pokemon

Click here to take the quiz!

General Stats

  • This quiz has been taken 9 times
  • The average score is 18 of 50

Answer Stats

UnscrambledPokemon% Correct
eoncubCubone
75%
waksSawk
75%
karboArbok
63%
foodibBidoof
63%
tepiginPignite
63%
shapidarRapidash
63%
lurioRiolu
63%
samyakYamask
63%
rillbedeBeedrill
50%
yeschanChansey
50%
gonlyfFlygon
50%
gunsfooFoongus
50%
bakupotsKabutops
50%
gankshakanKangaskhan
50%
liarikKirlia
50%
rammagMagmar
50%
chuairRaichu
50%
laxornsSnorlax
50%
crokaxitoToxicroak
50%
aymanYanma
50%
beebalfFlabebe
38%
gragneGengar
38%
toeillLitleo
38%
kamutahiMakuhita
38%
tarpatPatrat
38%
ratipupPupitar
38%
taskunnSkuntank
38%
nadipsSpinda
38%
teenbatBanette
25%
blifmirdDrifblim
25%
telorgGrotle
25%
qualdinilQuilladin
25%
whensardsSandshrew
25%
ricoszScizor
25%
coteerkTreecko
25%
liamrewWailmer
25%
sadbunchDachsbun
13%
thompiontHitmontop
13%
wilmaeMawile
13%
teditimeMeditite
13%
lertowRowlet
13%
gerdieleskSkeledirge
13%
tornsunSnorunt
13%
waltoilTaillow
13%
swishachWhiscash
13%
WezisoulZweilous
13%
kortiachiChikorita
0%
tagohitGothita
0%
gamenontMagneton
0%
darminoiMiraidon
0%

Score Distribution

Percentile by Number Answered

Percent of People with Each Score

Your Score History

You have not taken this quiz